Busty, pomníky a pamětní desky osobností hudební kultury v Praze /

Hlavní autor: Jareš, Stanislav
Jazyk: Čeština
Vydáno: Praha : Divadelní ústav, 1990
Edice: Edice informací hudebního odboru Divadelního ústavu v Praze
Témata:
Externí odkaz: Digitalizovaný dokument
Fyzický popis: 55 s.
Knihy
Uloženo v:
LEADER 01193nam a22002892a 4500
001 000045738
003 CZ BrMZK
005 20060424131741.0
007 ta
008 010907s1990 xr f cze d
015 |a cnb000070891 
020 |a 80-7008-002-7 
035 |a (OCoLC)39572802 
040 |a BOA001  |b cze 
080 |a 78.071(437.10):061.75  |2 MRF 
100 1 |a Jareš, Stanislav  |7 jk01051200  |4 aut 
245 1 0 |a Busty, pomníky a pamětní desky osobností hudební kultury v Praze /  |c Stanislav Jareš 
260 |a Praha :  |b Divadelní ústav,  |c 1990 
300 |a 55 s. 
490 1 |a Edice informací hudebního odboru Divadelního ústavu v Praze 
830 0 |a Edice informací hudebního odboru Divadelního ústavu v Praze  |0 s 
856 4 1 |u http://www.digitalniknihovna.cz/mzk/uuid/uuid:b1936a10-42dd-11e2-b246-005056827e52  |y Digitalizovaný dokument  |x NDK 
910 |a BOA001  |b PK-0113.423  |b 2-0960.294 
964 |a Hudebníci - památníky - Praha - soupisy 
990 |a BK 
996 6 |b 2619344329  |c 2-0960.294  |l MZK  |r Sklad / do 1 hodiny  |n 0  |w 000045738  |u 000020  |a 1  |e BOA001  |j MZK50  |s P 
996 7 |b 3119983860  |c PK-0113.423  |l MZK  |r Sklad / do 1 hodiny  |n 3  |w 000045738  |u 000010  |a 1  |e BOA001  |j MZK50  |s A